Statistics for Types of Lizards

Click here to take the quiz!

General Stats

  • This quiz has been taken 234 times
  • The average score is 6 of 9

Answer Stats

HintAnswer% Correct
Largest lizardKomodo dragon
91%
Changes colorsChameleon
90%
Common "bearded" petBearded dragon
88%
Adhesive toe padsGecko
82%
Marine, green, rockIguana
82%
Venomous, in USAGila monster
61%
Run on waterBasilisk
54%
Long tail, snakelikeSkink
42%
Squirt blood from eyesHorned lizard
40%

Score Distribution

Percentile by Number Answered

Percent of People with Each Score

Your Score History

You have not taken this quiz